| 000 | 00357nam a2200121Ia 4500 | ||
|---|---|---|---|
| 008 | 220120s9999||||xx |||||||||||||| ||und|| | ||
| 020 | _a81-7286-559-7 | ||
| 100 | _aBrey, Barry B | ||
| 245 | 0 | _aIntel microprocessors 8086/8088, 80186/80188, 80286, 80386, | |
| 260 |
_aPrentice hall of india _bNew Delhi _c2005 |
||
| 300 |
_a438p. _b395 |
||
| 650 | _aMATHEMATICS | ||
| 999 |
_c132177 _d132177 |
||